Grades de l'Armée de l'Air française - Images. - Statistiques

Statistiques générales
  • Ce quiz a été pris 427 fois
  • Le résultat moyen est 15 sur 19
Statistiques - réponses
Par images Hint Réponse % Correct
Militaires du rang Caporal
91%
Sous-officiers subalternes Sergent
90%
Militaires du rang Caporal-Chef
89%
Sous-officiers subalternes Sergent-Chef
89%
Sous-officiers supérieurs Adjudant
88%
Officiers subalternes Lieutenant
88%
Sous-officiers supérieurs Adjudant-Chef
87%
Officiers subalternes Capitaine
86%
Officiers supérieurs Colonel
86%
Sous-officiers supérieurs Major
86%
Officiers supérieurs Commandant
84%
Officiers subalternes Sous-Lieutenant
84%
Officiers supérieurs Lieutenant-Colonel
83%
Militaires du rang Aviateur
74%
Officiers généraux Général d'armée aérienne
59%
Officiers généraux Général de brigade aérienne
57%
Officiers généraux Général de division aérienne
57%
Officiers généraux Général de corps aérien
47%
Militaires du rang Aviateur de 1e classe
45%
Aucun quiz correspondant
Distribution des résultats
% des personnes avec chaque résultat
Percentile par nombre de réponses
Votre historique - résultats
Vous n’avez pas pris ce quiz